Thủy lực : Đề thi đáp án 1992-1997 và bài tập chọn lọc
Sách bao gồm các đề thi, đáp án và một số lượng lớn các bài tập chọn lọc theo chương trình thi Olympic kèm theo bài giải mẫu, hướng dẫn hoặc đáp số.
Na minha lista:
| Autor principal: | |
|---|---|
| Formato: | Livro |
| Idioma: | Undetermined |
| Publicado em: |
Hà Nội
Khoa học và Kỹ thuật
1998
|
| Assuntos: | |
| Tags: |
Adicionar Tag
Sem tags, seja o primeiro a adicionar uma tag!
|
| Thư viện lưu trữ: | Trung tâm Học liệu Trường Đại học Cần Thơ |
|---|
| LEADER | 00846nam a2200217Ia 4500 | ||
|---|---|---|---|
| 001 | CTU_27819 | ||
| 008 | 210402s9999 xx 000 0 und d | ||
| 082 | |a 532.5 | ||
| 082 | |b T103 | ||
| 100 | |a Nguyễn, Tài | ||
| 245 | 0 | |a Thủy lực : | |
| 245 | 0 | |b Đề thi đáp án 1992-1997 và bài tập chọn lọc | |
| 245 | 0 | |c Nguyễn Tài | |
| 260 | |a Hà Nội | ||
| 260 | |b Khoa học và Kỹ thuật | ||
| 260 | |c 1998 | ||
| 520 | |a Sách bao gồm các đề thi, đáp án và một số lượng lớn các bài tập chọn lọc theo chương trình thi Olympic kèm theo bài giải mẫu, hướng dẫn hoặc đáp số. | ||
| 650 | |a Hydrodynamics | ||
| 650 | |x Problems, exercies | ||
| 904 | |i Thơm | ||
| 980 | |a Trung tâm Học liệu Trường Đại học Cần Thơ | ||